| 000 | 00729nam a2200253Ia 4500 | ||
|---|---|---|---|
| 008 | 160621s9999 xx 000 0 und d | ||
| 020 | _a978-0-273-77688-8 | ||
| 050 | _aComSc QA 76.76 | ||
| 050 | _b.A65D45 2013 | ||
| 100 | _aDeitel, Paul J. | ||
| 245 | _aAndroid how to program / | ||
| 245 | _cPaul Deitel, Harvey Deitel, Abbey Deitel. | ||
| 260 | _aEngland : | ||
| 260 | _bPearson Education Limited, | ||
| 260 | _c2013 | ||
| 300 | _a902 pages : | ||
| 300 | _billustrations ; | ||
| 300 | _c23 cm. | ||
| 500 | _aIncludes index. | ||
| 650 | _aAndroid (Electronic resource). | ||
| 650 | _aJava (Computer program language). | ||
| 650 | _xApplication software -- Development. | ||
| 650 | _xWeb site development. | ||
| 999 |
_c296087 _d296087 |
||